| 000 | 00379nam a2200133Ia 4500 | ||
|---|---|---|---|
| 008 | 220214s9999 xx 000 0 und d | ||
| 022 | _a0250-5371 | ||
| 245 | 0 | _aLEGUME RESEARCH | |
| 260 |
_bAgricultural Research Communication Centre, Karnal, Haryana _aIndia |
||
| 310 | _aQ | ||
| 500 | _aEnding Volume & Year: 11, 1988 | ||
| 500 | _aStarting Volume & Year: 3, 1980 | ||
| 942 | _cBJ | ||
| 999 |
_c9113 _d9113 |
||